Statistics for All AC/DC Albums

Click here to take the quiz!

General Stats

  • This quiz has been taken 41 times
  • The average score is 10 of 17

Answer Stats

YearAlbum% Correct
1980Back in Black
97%
1975High Voltage
79%
1979Highway to Hell
79%
1990The Razor's Edge
79%
2008Black Ice
73%
1977Let There be Rock
67%
1976Dirty Deeds Done Dirt Cheap
64%
1981For Those About to Rock We Salute You
64%
1978Powerage
64%
1975T.N.T.
61%
2000Stiff Upper Lip
52%
1995Ballbreaker
48%
2014Rock or Bust
48%
1985Fly on the Wall
45%
2014Power Up
45%
1983Flick of the Switch
42%
1988Blow Up Your Video
39%

Score Distribution

Percentile by Number Answered

Percent of People with Each Score

Your Score History

You have not taken this quiz